Countries Smaller Than Russia - Statistics

General Stats
  • This quiz has been taken 16 times
  • The average score is 174 of 195
Answers on the Map
Answers color-coded by a green-red scale on the quiz's map according to % correct below.
 
Answer Stats
Country % Correct
Afghanistan
100%
Albania
100%
Algeria
100%
Argentina
100%
Australia
100%
Austria
100%
Belgium
100%
Bolivia
100%
Brazil
100%
Canada
100%
Chile
100%
China
100%
Colombia
100%
Cuba
100%
Democratic Republic of the Congo
100%
Denmark
100%
Egypt
100%
Estonia
100%
Finland
100%
France
100%
Germany
100%
Greece
100%
Hungary
100%
Iceland
100%
India
100%
Iran
100%
Iraq
100%
Ireland
100%
Israel
100%
Italy
100%
Japan
100%
Jordan
100%
Kenya
100%
Libya
100%
Luxembourg
100%
Madagascar
100%
Mexico
100%
Mongolia
100%
Morocco
100%
Nepal
100%
Netherlands
100%
New Zealand
100%
Niger
100%
Nigeria
100%
North Korea
100%
Norway
100%
Pakistan
100%
Panama
100%
Papua New Guinea
100%
Peru
100%
Philippines
100%
Poland
100%
Portugal
100%
Republic of the Congo
100%
Romania
100%
Slovakia
100%
Slovenia
100%
Somalia
100%
South Africa
100%
South Korea
100%
South Sudan
100%
Spain
100%
Sudan
100%
Sweden
100%
Switzerland
100%
Tanzania
100%
Tunisia
100%
Turkey
100%
Ukraine
100%
United Kingdom
100%
United States
100%
Vatican City
100%
Venezuela
100%
Vietnam
100%
Yemen
100%
Zimbabwe
100%
Bahamas
91%
Belarus
91%
Belize
91%
Bosnia and Herzegovina
91%
Bulgaria
91%
Cameroon
91%
Chad
91%
Costa Rica
91%
Czech Republic
91%
Dominican Republic
91%
Ecuador
91%
Ethiopia
91%
Gambia
91%
Georgia
91%
Ghana
91%
Guatemala
91%
Indonesia
91%
Ivory Coast
91%
Kazakhstan
91%
Laos
91%
Latvia
91%
Lebanon
91%
Liechtenstein
91%
Lithuania
91%
Maldives
91%
Mali
91%
Moldova
91%
Monaco
91%
Mozambique
91%
Myanmar
91%
Namibia
91%
North Macedonia
91%
Paraguay
91%
Qatar
91%
Rwanda
91%
Saudi Arabia
91%
Serbia
91%
Singapore
91%
Sri Lanka
91%
Syria
91%
Thailand
91%
United Arab Emirates
91%
Uruguay
91%
Zambia
91%
Angola
82%
Antigua and Barbuda
82%
Bangladesh
82%
Barbados
82%
Botswana
82%
Burundi
82%
Comoros
82%
Croatia
82%
Central African Republic
82%
Dominica
82%
East Timor
82%
Eritrea
82%
Eswatini
82%
Fiji
82%
Gabon
82%
Guinea
82%
Guyana
82%
Haiti
82%
Kosovo
82%
Kuwait
82%
Lesotho
82%
Liberia
82%
Malawi
82%
Malaysia
82%
Malta
82%
Marshall Islands
82%
Nauru
82%
Nicaragua
82%
Oman
82%
Saint Lucia
82%
Saint Vincent and the Grenadines
82%
Samoa
82%
San Marino
82%
Senegal
82%
Taiwan
82%
Tajikistan
82%
Togo
82%
Tonga
82%
Turkmenistan
82%
Uganda
82%
Uzbekistan
82%
Vanuatu
82%
Andorra
73%
Armenia
73%
Azerbaijan
73%
Bahrain
73%
Benin
73%
Bhutan
73%
Brunei
73%
Burkina Faso
73%
Cambodia
73%
Cape Verde
73%
Cyprus
73%
São Tomé and Príncipe
73%
Djibouti
73%
El Salvador
73%
Equatorial Guinea
73%
Federated States of Micronesia
73%
Grenada
73%
Guinea-Bissau
73%
Honduras
73%
Jamaica
73%
Kiribati
73%
Kyrgyzstan
73%
Mauritania
73%
Mauritius
73%
Montenegro
73%
Palau
73%
Saint Kitts and Nevis
73%
Seychelles
73%
Sierra Leone
73%
Solomon Islands
73%
Suriname
73%
Trinidad and Tobago
73%
Tuvalu
73%
No matching quizzes found
Score Distribution
Percent of People with Each Score
Percentile by Number Answered
Your Score History
You have not taken this quiz